000 01380nam a2200265 a 4500
003 DO-SdBNP
005 20240306164224.0
007 ta
008 211018e2009 sp ac||er|||| 001 ddspa d
020 _a9788420405087
040 _aDO-SdBNP
_bspa
_cBNPHU
082 4 _222
_bV297m
_aPe862.44
100 1 _aVargas Llosa, Mario,
_d1936-
_912567
245 1 3 _aLas mil noches y una noche /
_cVargas Llosa, Mario ; fotografías, Ros Ribas
260 _aMóstoles, Madrid:
_b Alfaguara,
_c 2009
300 _a139 p. :
_bil., retrs. ;
_c23 cm.
500 _aIncluye biografía del autor en la solapa de la portada.
505 _aContar cuentos.
_tI. el rey Shrigar y su y su nueva esposa.--
_tII. El príncipe que odiaba a las mujeres.--
_tIII. El prícipe melancólico.--
_tIV. La princesa Budur y los astrólogos.--
_tV. Mersuán el justiciero.--
_tVI. El milagro del falso astrólogo.--
_tVII. El príncipe y el pájaro ladrón.--
_tVIII. La princesa Budur cambia de sexo.--
_tIX. La pelea de los pájaros.--
_tX. Un fin que es un principio.--
_tXI. amores prohibidos.--
_tXII. Los adoradores del fuego.--
_tXIII. La última noche es la primera noche.
590 _aInventariado 2021 / MF
650 4 _aNoches árabes
_980246
_vDrama.
650 4 _aNoches árabes
_980247
_vAdaptaciones
700 1 _aRibas, Ros,
_980248
_efot.
910 _aValidado. Control de calidad MFF
942 _2ddc
_cLBS1
999 _c50764
_d50764